ბათუმის შოთა რუსთაველის სახელმწიფო უნივერსიტეტის ბიბლიოთეკა

ენათმეცნიერების ინსტიტუტის შრომები II (ბიბ.ჩანაწერი № 51096)

000 -LEADER
fixed length control field 00853nam a2200217Ia 4500
001 - CONTROL NUMBER
control field 18053
003 - CONTROL NUMBER IDENTIFIER
control field GE_BSU
008 - FIXED-LENGTH DATA ELEMENTS--GENERAL INFORMATION
fixed length control field 181216s||||||||xx |||||||||||||| ||und||
040 ## - CATALOGING SOURCE
Transcribing agency GE_BSU
080 ## - UNIVERSAL DECIMAL CLASSIFICATION NUMBER
Universal Decimal Classification number 81'1(063)
245 ## - TITLE STATEMENT
Title ენათმეცნიერების ინსტიტუტის შრომები II
245 ## - TITLE STATEMENT
Statement of responsibility, etc. სტატიათა კრებული გ. წერეთლის რედ.
250 ## - EDITION STATEMENT
Edition statement საქ. სსრ მეცნ. აკად.
260 ## - PUBLICATION, DISTRIBUTION, ETC.
Place of publication, distribution, etc. თბილისი
260 ## - PUBLICATION, DISTRIBUTION, ETC.
Name of publisher, distributor, etc. საქ. სსრ მეცნ. აკად. გამ-ბა
260 ## - PUBLICATION, DISTRIBUTION, ETC.
Date of publication, distribution, etc. 1957
300 ## - PHYSICAL DESCRIPTION
Extent 242გვ.27სმ.
520 ## - SUMMARY, ETC.
Summary, etc. გაშლ.თავფ. რუს ენ.
653 ## - INDEX TERM--UNCONTROLLED
Uncontrolled term ენათმეცნიერების ინსტიტუტის შრომები
942 ## - ADDED ENTRY ELEMENTS (KOHA)
Koha item type წიგნი
ეგზემპლარები
Withdrawn status Lost status Damaged status Not for loan Date acquired Barcode Date last seen Price effective from Koha item type
        2018-12-17 46023 2018-12-17 2018-12-17 წიგნი